American English Vs English English - Statistics

General Stats
  • This quiz has been taken 100 times
  • The average score is 11 of 15
Answer Stats
Hint Answer % Correct
Fries Chips
96%
Color Colour
95%
Chips Crisps
89%
Pants Trousers
85%
Airplane Aeroplane
80%
Car Trunk Boot
79%
First Floor Ground Floor
79%
Car Hood Bonnet
74%
Egg Plant Aubergine
71%
Cotton Candy Candyfloss
65%
Catalog Catalogue
61%
Check Cheque
61%
Zucchini Courgette
54%
Fanny Pack Bum Bag
45%
Cilantro Coriander
41%
No matching quizzes found
Score Distribution
Percent of People with Each Score
Percentile by Number Answered
Your Score History
You have not taken this quiz